| 000 | 00666nam a2200229 a 4500 | ||
|---|---|---|---|
| 005 | 20140310183221.0 | ||
| 008 | 030917s19uu xx 00 eng d | ||
| 020 | _a981405867X | ||
| 050 |
_aTX 911.3.M3 _b.K68 2001 |
||
| 100 | _aKotler, Philip | ||
| 245 |
_aMarketing for hospitality and tourism / _cPhilip Kotler. |
||
| 250 | _a2nd ed. | ||
| 260 |
_aNew Jersey : _bPrentice Hall, _c2001. |
||
| 300 |
_a800p _bill.; _c26cm. |
||
| 500 | _aIncludes Bibliographical references and Index | ||
| 650 |
_aHospitality industry _xMarketing |
||
| 650 |
_aTourism _xMarketing |
||
| 700 | _aJohn Bowen | ||
| 700 | _aJames Makens | ||
| 942 |
_cBK _2lcc |
||
| 999 |
_c20326 _d20326 |
||